Films par GIFS #1 - Statistiques

Statistiques générales
  • Ce quiz a été pris 253 fois
  • Le résultat moyen est 13 sur 30
Statistiques - réponses
Hint Réponse % Correct
Twilight
87%
E.T.
79%
Jumanji
77%
Inception
75%
American Nightmare
67%
Destination Finale
65%
Projet X
63%
Saw
62%
2012
51%
Phone Game
51%
San Andreas
50%
Usual Suspects
45%
Willow
44%
Cliffhanger
40%
Cube
38%
Panic Room
38%
Smile
33%
Twister
31%
Volcano
31%
Ça
29%
Insidious
29%
Signs
27%
Drive
25%
Ginger Snaps
21%
Hostel
21%
Poltergeist
21%
Copycat
18%
Daylight
17%
The Strangers
12%
Grave Encounters
11%
Aucun quiz correspondant
Distribution des résultats
% des personnes avec chaque résultat
Percentile par nombre de réponses
Votre historique - résultats
Vous n’avez pas pris ce quiz